[Event "Araruama op 1st"]
[Site "Araruama"]
[Date "2021.06.05"]
[Round "5"]
[White "Almeida, Flavio Silva"]
[Black "Haraguchi, Matheus Sashaki"]
[Result "1/2-1/2"]
[WhiteElo "1800"]
[BlackElo "1677"]
[PlyCount "95"]
[EventDate "2021.06.02"]
[EventType "tourn"]
[EventRounds "6"]
[EventCountry "BRA"]
[SourceTitle "CBM 203 Extra"]
[Source "ChessBase"]
[SourceDate "2021.09.30"]
[SourceVersion "1"]
[SourceVersionDate "2021.09.30"]
[SourceQuality "1"]

1. c4 e6 2. d4 d5 3. Nc3 Nf6 4. Nf3 Be7 5. Bf4 0-0 6. e3 b6 7. Be2 Bb7 8. 0-0 c5 9. dxc5 bxc5 10. Qb3 Qb6 11. Nb5 Na6 12. a3 dxc4 13. Bxc4 Bd5 14. Rfd1 Rac8 15. Qa4 Bxc4 16. Qxc4 Rfd8 17. h3 h6 18. Bh2 Nd5 19. e4 Ndc7 20. Nxc7 Nxc7 21. b3 Ne8 22. Qa4 a5 23. Rd7 Rxd7 24. Qxd7 Qd8 25. Rd1 Qxd7 26. Rxd7 Rd8 27. Ne5 Rxd7 28. Nxd7 Nf6 29. Nxf6+ Bxf6 30. Kf1 Bb2 31. a4 e5 32. Ke2 Kf8 33. Kd3 Ke7 34. f4 f6 35. Kc4 Kd6 36. Kb5 Bc3 37. f5 h5 38. g4 h4 39. Kb6 Bd4 40. Kb5 Be3 41. Kc4 Kc6 42. Kd3 Bd4 43. Kc4 Bf2 44. Kd3 c4+ 45. Kxc4 Bc5 46. Kd3 Bf2 47. Kc4 Bc5 48. Kd3 1/2-1/2

[Event "Curitiba IEP&Copel op"]
[Site "Curitiba"]
[Date "2017.05.12"]
[Round "2"]
[White "Almeida, Flavio Silva"]
[Black "Schafranski, Marcelo Emanuel"]
[Result "1-0"]
[WhiteElo "1801"]
[BlackElo "1337"]
[PlyCount "47"]
[EventDate "2017.05.12"]
[EventType "swiss"]
[EventRounds "6"]
[EventCountry "BRA"]
[SourceTitle "CBM 178 Extra"]
[Source "ChessBase"]
[SourceDate "2017.06.22"]
[SourceVersion "1"]
[SourceVersionDate "2017.06.22"]
[SourceQuality "1"]

1. c4 e5 2. g3 Nc6 3. Bg2 d6 4. b3 Bf5 5. e4 Bg6 6. Bb2 Nf6 7. Nc3 Be7 8. Nge2 Nd4 9. 0-0 c5 10. d3 Qb6 11. h3 0-0 12. Kh2 Rfe8 13. f4 Rac8 14. Qd2 Nd7 15. f5 Bh5 16. g4 Bxg4 17. hxg4 Nf6 18. g5 Nd7 19. Nd5 Qd8 20. Nxd4 cxd4 21. f6 gxf6 22. gxf6 Nxf6 23. Nxe7+ Qxe7 24. Qg5+ 1-0

[Event "Sao Paulo op-B U2050 6th"]
[Site "Sao Paulo"]
[Date "2017.04.16"]
[Round "6"]
[White "Almeida, Flavio Silva"]
[Black "Jorge, Denrick Cabral Jose"]
[Result "0-1"]
[WhiteElo "1815"]
[BlackElo "1898"]
[PlyCount "120"]
[EventDate "2017.04.14"]
[EventType "swiss"]
[EventRounds "6"]
[EventCountry "BRA"]
[SourceTitle "EXT 2019"]
[Source "ChessBase"]
[SourceDate "2018.10.10"]
[SourceVersion "1"]
[SourceVersionDate "2018.10.10"]
[SourceQuality "1"]

1. c4 Nf6 2. Nc3 c5 3. g3 e5 4. Bg2 Be7 5. e3 0-0 6. Nge2 d6 7. 0-0 Nc6 8. d4 cxd4 9. exd4 Bf5 10. a3 Qd7 11. b4 Bh3 12. d5 Nb8 13. Qb3 Na6 14. Nb5 Nc7 15. Nxc7 Bxg2 16. Kxg2 Qxc7 17. Bb2 Ne4 18. Qd3 Nf6 19. f3 a5 20. Rfc1 axb4 21. axb4 Rxa1 22. Rxa1 Rc8 23. Rc1 Qb6 24. b5 Nd7 25. Ba3 Nc5 26. Qc2 Ra8 27. Ra1 Qc7 28. Nc3 Rc8 29. Bc1 g6 30. Be3 f5 31. Na4 Bf6 32. Nxc5 dxc5 33. Ra4 f4 34. Bf2 Re8 35. Qe4 Re7 36. Ra7 Qd6 37. g4 b6 38. Ra8+ Kg7 39. Rc8 Rc7 40. Rxc7+ Qxc7 41. d6 Qxd6 42. Qc6 Be7 43. Qxd6 Bxd6 44. Kf1 Kf6 45. Ke2 e4 46. fxe4 f3+ 47. Kxf3 Bxh2 48. Bh4+ g5 49. Be1 Be5 50. Bd2 Kg6 51. Be1 h5 52. gxh5+ Kxh5 53. Bg3 g4+ 54. Kg2 Bxg3 55. Kxg3 Kg5 56. e5 Kf5 57. e6 Kxe6 58. Kxg4 Ke5 59. Kf3 Kd4 60. Ke2 Kxc4 0-1

[Event "Sao Paulo op-B U2050 6th"]
[Site "Sao Paulo"]
[Date "2017.04.15"]
[Round "3"]
[White "Bueno, Jonas Alves"]
[Black "Almeida, Flavio Silva"]
[Result "0-1"]
[WhiteElo "1762"]
[BlackElo "1815"]
[PlyCount "78"]
[EventDate "2017.04.14"]
[EventType "swiss"]
[EventRounds "6"]
[EventCountry "BRA"]
[SourceTitle "EXT 2019"]
[Source "ChessBase"]
[SourceDate "2018.10.10"]
[SourceVersion "1"]
[SourceVersionDate "2018.10.10"]
[SourceQuality "1"]

1. e4 c6 2. d4 d5 3. Nc3 dxe4 4. Nxe4 Nd7 5. Nf3 Ngf6 6. Ng3 e6 7. Bd3 Bd6 8. Bd2 Nd5 9. Ne4 Bf4 10. Bxf4 Nxf4 11. Nd6+ Ke7 12. Nxc8+ Rxc8 13. g3 Nxd3+ 14. Qxd3 Qa5+ 15. c3 h6 16. 0-0 Rhd8 17. Rfe1 Qh5 18. Nh4 g6 19. c4 a6 20. Qa3+ Kf6 21. Qc3 Ke7 22. Rad1 Ke8 23. Ng2 Ne5 24. h4 Nf3+ 25. Kf1 Nxe1 26. Rxe1 Qf5 27. Qe3 g5 28. Kg1 Rc7 29. Rd1 Rcd7 30. Ne1 Qg4 31. Qf3 Rxd4 32. Qxg4 Rxg4 33. Rxd8+ Kxd8 34. hxg5 hxg5 35. b3 Rd4 36. Nf3 Rd1+ 37. Kg2 f6 38. Nh2 Ke7 39. Nf1 Ra1 0-1

[Event "Sao Paulo op-B U2050 6th"]
[Site "Sao Paulo"]
[Date "2017.04.14"]
[Round "2"]
[White "Almeida, Flavio Silva"]
[Black "De Souza, Leonardo F Pereira"]
[Result "1/2-1/2"]
[WhiteElo "1815"]
[BlackElo "1800"]
[PlyCount "116"]
[EventDate "2017.04.14"]
[EventType "swiss"]
[EventRounds "6"]
[EventCountry "BRA"]
[SourceTitle "EXT 2019"]
[Source "ChessBase"]
[SourceDate "2018.10.10"]
[SourceVersion "1"]
[SourceVersionDate "2018.10.10"]
[SourceQuality "1"]

1. c4 Nf6 2. g3 e5 3. Bg2 d5 4. cxd5 Nxd5 5. Bxd5 Qxd5 6. Nf3 Bh3 7. Rg1 Bg4 8. Nc3 Qa5 9. Qb3 Bxf3 10. exf3 Qb4 11. Nd5 Qxb3 12. axb3 Bd6 13. d4 Nc6 14. dxe5 Nxe5 15. Ke2 Kd7 16. f4 Nc6 17. Rd1 Rhe8+ 18. Be3 Rad8 19. Kf3 Kc8 20. Bxa7 b6 21. Bxb6 cxb6 22. Nxb6+ Kb7 23. Nc4 Bc5 24. Kg4 Nd4 25. Ra5 f5+ 26. Kh3 Bb6 27. Nxb6 Kxb6 28. Ra3 Nb5 29. Rxd8 Rxd8 30. Ra2 Rd3 31. Ra8 Rd7 32. Rh8 g6 33. g4 Nd4 34. b4 Kc6 35. Kh4 Kd6 36. h3 Ke6 37. Rb8 Kf7 38. b5 Kg7 39. b6 Nc6 40. Rc8 Ne7 41. Rc7 Rxc7 42. bxc7 Kf6 43. b4 h6 44. b5 Nc8 45. f3 Nb6 46. Kg3 Ke6 47. h4 Nc8 48. Kf2 h5 49. gxh5 gxh5 50. Ke3 Kd5 51. Kd3 Kc5 52. Kc3 Nb6 53. Kd3 Kd6 54. Kd4 Nc8 55. Kc4 Nb6+ 56. Kd4 Nc8 57. Kc4 Nb6+ 58. Kd4 Nc8 1/2-1/2

[Event "Caldas Novas op 1st"]
[Site "Caldas Novas"]
[Date "2017.03.10"]
[Round "1"]
[White "Almeida, Flavio Silva"]
[Black "Muniz, Julia Cunha"]
[Result "1-0"]
[WhiteElo "1819"]
[BlackElo "1187"]
[PlyCount "69"]
[EventDate "2017.03.10"]
[EventType "swiss"]
[EventRounds "6"]
[EventCountry "BRA"]
[SourceTitle "CBM 177 Extra"]
[Source "ChessBase"]
[SourceDate "2017.04.27"]
[SourceVersion "1"]
[SourceVersionDate "2017.04.27"]
[SourceQuality "1"]

1. d4 d5 2. c4 e6 3. Bf4 Nc6 4. e3 Bd7 5. Bd3 Nf6 6. Ne2 Bb4+ 7. Nbc3 0-0 8. 0-0 Bd6 9. a3 Bxf4 10. Nxf4 Qe7 11. cxd5 exd5 12. Ncxd5 Nxd5 13. Nxd5 Qd6 14. Nc3 Ne7 15. Qc2 g6 16. b4 b6 17. Rac1 Rac8 18. Ba6 Rb8 19. Nb5 Bxb5 20. Bxb5 Nd5 21. Bc6 Ne7 22. Bf3 Rfc8 23. Rfd1 Nf5 24. Bg4 c6 25. Bxf5 gxf5 26. Qxf5 Qc7 27. d5 Qb7 28. Rd4 c5 29. Rg4+ Kf8 30. b5 Rd8 31. e4 Rbc8 32. Qxh7 Qd7 33. Rg8+ Ke7 34. Qh4+ f6 35. Rg7+ 1-0

[Event "Rio de Janeiro Salamon Memorial"]
[Site "Rio de Janeiro"]
[Date "2016.06.26"]
[Round "5"]
[White "Petrenko, Willy"]
[Black "Almeida, Flavio Silva"]
[Result "1/2-1/2"]
[WhiteElo "1932"]
[BlackElo "1820"]
[PlyCount "146"]
[EventDate "2016.06.24"]
[EventType "swiss"]
[EventRounds "6"]
[EventCountry "BRA"]
[SourceTitle "CBM 173 Extra"]
[Source "ChessBase"]
[SourceDate "2016.08.29"]
[SourceVersion "1"]
[SourceVersionDate "2016.08.29"]
[SourceQuality "1"]

1. e4 c6 2. d4 d5 3. Nd2 dxe4 4. Nxe4 Nd7 5. Nf3 Ngf6 6. Ng3 g6 7. h3 Bg7 8. Bc4 0-0 9. 0-0 e6 10. a3 b5 11. Ba2 Qc7 12. Re1 Bb7 13. c3 a6 14. Bd2 c5 15. Rc1 c4 16. Bb1 Rfe8 17. Ne4 h6 18. Nh2 e5 19. Nxf6+ Nxf6 20. dxe5 Rxe5 21. Rxe5 Qxe5 22. Nf3 Qd5 23. Be3 Rd8 24. Qxd5 Rxd5 25. Nd4 Rd7 26. f3 Nd5 27. Bf2 Re7 28. Be4 Bxd4 29. Bxd4 Nf4 30. Re1 Bxe4 31. fxe4 f5 32. e5 Nd3 33. Re2 Kf7 34. Kf1 h5 35. g3 Ke6 36. Be3 Kd5 37. Bf4 Nxe5 38. Rd2+ Nd3 39. Kg2 Re1 40. Kf3 Rf1+ 41. Kg2 Rb1 42. Kf3 Rxb2 43. Rxb2 Nxb2 44. g4 hxg4+ 45. hxg4 Nd3 46. gxf5 gxf5 47. Bc7 Nc5 48. Ba5 Nb3 49. Bd8 Ke6 50. Kf4 Nc1 51. Ba5 Nd3+ 52. Ke3 Kf6 53. Bd8+ Kg6 54. Kf3 Kf7 55. Ke3 Ke6 56. Kd4 Kd6 57. Ba5 Ne1 58. Ke3 Kd5 59. Kf4 Ke6 60. Bb4 Nc2 61. Bc5 a5 62. Bf8 Ne1 63. Ke3 Ng2+ 64. Kd4 Kf7 65. Bh6 Kg6 66. Bd2 f4 67. Bxf4 Nxf4 68. Kc5 Nd3+ 69. Kxb5 Nb2 70. Kxa5 Kf5 71. Kb4 Ke6 72. a4 Kd6 73. Kb5 Kc7 1/2-1/2

[Event "Rio de Janeiro Alex op"]
[Site "Rio de Janeiro"]
[Date "2016.06.18"]
[Round "3"]
[White "Ramos, Leo"]
[Black "Almeida, Flavio Silva"]
[Result "1-0"]
[WhiteElo "2033"]
[BlackElo "1820"]
[PlyCount "81"]
[EventDate "2016.06.12"]
[EventType "swiss"]
[EventRounds "6"]
[EventCountry "BRA"]
[SourceTitle "CBM 173 Extra"]
[Source "ChessBase"]
[SourceDate "2016.08.29"]
[SourceVersion "1"]
[SourceVersionDate "2016.08.29"]
[SourceQuality "1"]

1. e4 e5 2. Nf3 Nc6 3. Bb5 Bc5 4. 0-0 Nf6 5. Qe2 0-0 6. c3 a6 7. Ba4 b5 8. Bc2 d6 9. h3 h6 10. Rd1 Bb6 11. d3 Re8 12. Nbd2 Ne7 13. Nf1 c5 14. Ng3 Ng6 15. d4 Nf4 16. Qd2 Bb7 17. dxe5 dxe5 18. Qxd8 Raxd8 19. Be3 Rc8 20. Rd2 Ba5 21. Nf5 b4 22. Nd6 bxc3 23. bxc3 Bxc3 24. Rb1 Bxd2 25. Bxd2 Bc6 26. Nxc8 Rxc8 27. Nxe5 Ne2+ 28. Kf1 Nd4 29. Nxc6 Nxc6 30. Rb7 Nd4 31. Bb1 c4 32. Be3 Nb5 33. e5 Nd5 34. Bc1 Ndc3 35. Bf5 Rd8 36. g3 Nxa2 37. Be3 c3 38. Bc5 g6 39. e6 fxe6 40. Bxe6+ Kh8 41. Be7 1-0

[Event "Rio de Janeiro CXG 2nd"]
[Site "Rio de Janeiro"]
[Date "2016.05.21"]
[Round "5.6"]
[White "Almeida, Flavio Silva"]
[Black "Mendes, Jorge Alberto Dacal"]
[Result "1-0"]
[WhiteElo "1787"]
[BlackElo "1848"]
[PlyCount "91"]
[EventDate "2016.05.07"]
[EventType "swiss"]
[EventRounds "6"]
[EventCountry "BRA"]
[SourceTitle "EXT 2022"]
[Source "ChessBase"]
[SourceDate "2021.10.06"]
[SourceVersion "1"]
[SourceVersionDate "2021.10.06"]
[SourceQuality "1"]

1. d4 Nf6 2. Nf3 g6 3. c4 Bg7 4. Nc3 d6 5. e3 0-0 6. Qc2 d5 7. h3 Nc6 8. cxd5 Nxd5 9. Nxd5 Qxd5 10. Bc4 Bf5 11. Bxd5 Bxc2 12. Bxc6 bxc6 13. 0-0 Rfd8 14. b3 Be4 15. Bb2 Rd7 16. Nd2 Bd5 17. Rfc1 Bh6 18. Nc4 a5 19. Ne5 Rd6 20. Ba3 Ra6 21. Bxd6 cxd6 22. Nc4 f5 23. f3 Bxc4 24. Rxc4 Bxe3+ 25. Kf1 d5 26. Ra4 c5 27. dxc5 Bxc5 28. Rd1 e6 29. a3 Ra7 30. b4 Bb6 31. Rc1 Kf7 32. bxa5 Bd8 33. a6 Ke7 34. Rb1 Kd6 35. Rb7 Ra8 36. Rxh7 Bb6 37. Ke2 g5 38. a7 Kc6 39. Rh8 Rxa7 40. Rxa7 Bxa7 41. Rg8 Bc5 42. Rc8+ Kb5 43. a4+ Kc4 44. a5 Kb5 45. a6 Bb6 46. Re8 1-0

[Event "Brasilia Terraviva op"]
[Site "Brasilia"]
[Date "2016.04.24"]
[Round "6"]
[White "Almeida, Flavio Silva"]
[Black "Stivanelli, Leonardo Alexandre"]
[Result "1/2-1/2"]
[WhiteElo "1765"]
[BlackElo "1958"]
[PlyCount "97"]
[EventDate "2016.04.21"]
[EventType "swiss"]
[EventRounds "7"]
[EventCountry "BRA"]
[SourceTitle "CBM 172 Extra"]
[Source "ChessBase"]
[SourceDate "2016.06.21"]
[SourceVersion "1"]
[SourceVersionDate "2016.06.21"]
[SourceQuality "1"]

1. d4 Nf6 2. Nf3 e6 3. e3 b6 4. Bd3 Bb7 5. Nbd2 d5 6. 0-0 c5 7. c3 Nc6 8. Re1 Be7 9. e4 dxe4 10. Nxe4 cxd4 11. cxd4 0-0 12. Bg5 Nxe4 13. Bxe7 Qxe7 14. Bxe4 Rfd8 15. a3 Qf6 16. Qa4 Na5 17. b4 Bxe4 18. Rxe4 Nc4 19. b5 Nd6 20. Ree1 Nf5 21. Rad1 Rd5 22. Re5 Nxd4 23. Rxd4 Rxe5 24. Nxe5 Qxe5 25. Qd1 h6 26. a4 Rc8 27. g3 Qc5 28. Qd3 g6 29. Rd7 Rc7 30. Rd8+ Kg7 31. Qf3 Qe5 32. Kg2 Rc4 33. Rd7 Qf5 34. Qxf5 gxf5 35. Rxa7 Kf6 36. f4 Rc2+ 37. Kh3 Rd2 38. Ra6 Ra2 39. Rxb6 Rxa4 40. Rb7 Ra2 41. b6 Rb2 42. Rb8 Kg6 43. Rb7 f6 44. Rb8 e5 45. b7 Kg7 46. fxe5 fxe5 47. Re8 Rxb7 48. Rxe5 Kf6 49. Re2 1/2-1/2

[Event "Brasilia Terraviva op"]
[Site "Brasilia"]
[Date "2016.04.23"]
[Round "5"]
[White "Sopko, Cassio Roberto"]
[Black "Almeida, Flavio Silva"]
[Result "1-0"]
[WhiteElo "1935"]
[BlackElo "1765"]
[PlyCount "107"]
[EventDate "2016.04.21"]
[EventType "swiss"]
[EventRounds "7"]
[EventCountry "BRA"]
[SourceTitle "CBM 172 Extra"]
[Source "ChessBase"]
[SourceDate "2016.06.21"]
[SourceVersion "1"]
[SourceVersionDate "2016.06.21"]
[SourceQuality "1"]

1. Nf3 d5 2. d4 e6 3. g3 g6 4. Bg2 Bg7 5. c4 dxc4 6. Qa4+ Nc6 7. 0-0 Nge7 8. Rd1 0-0 9. Nc3 a6 10. Qxc4 b5 11. Qc5 Qd6 12. Ne4 Qxc5 13. Nxc5 Ra7 14. e4 Rd8 15. Be3 Nb4 16. Rd2 a5 17. a3 Na6 18. Rc1 Nxc5 19. Rxc5 c6 20. Rcc2 Rad7 21. Bh3 Rb7 22. Ne5 Bxe5 23. dxe5 Rxd2 24. Rxd2 Rd7 25. Rc2 b4 26. Bf1 Rd1 27. Kg2 Bb7 28. axb4 c5 29. f3 axb4 30. Be2 Rb1 31. Bxc5 Nc6 32. Rd2 h5 33. Bd3 Rc1 34. Bd6 g5 35. Bb5 b3 36. Bxc6 Bxc6 37. Kf2 Rh1 38. Ke3 Bb5 39. Be7 g4 40. fxg4 hxg4 41. Kf4 Re1 42. Bf6 Kf8 43. Rd8+ Be8 44. Rb8 Re2 45. Rxb3 Rxh2 46. Kxg4 Rc2 47. Rb8 Rc5 48. Kg5 Rb5 49. Rc8 Rxb2 50. Kh6 Rh2+ 51. Bh4 Ra2 52. g4 Rd2 53. Bd8 Rd4 54. Bb6 1-0

[Event "Brasilia Terraviva op"]
[Site "Brasilia"]
[Date "2016.04.21"]
[Round "1"]
[White "Cunha, Lucas Aguiar"]
[Black "Almeida, Flavio Silva"]
[Result "1-0"]
[WhiteElo "2313"]
[BlackElo "1765"]
[PlyCount "65"]
[EventDate "2016.04.21"]
[EventType "swiss"]
[EventRounds "7"]
[EventCountry "BRA"]
[SourceTitle "CBM 172 Extra"]
[Source "ChessBase"]
[SourceDate "2016.06.21"]
[SourceVersion "1"]
[SourceVersionDate "2016.06.21"]
[SourceQuality "1"]

1. e4 e5 2. Nf3 Nc6 3. d4 exd4 4. Nxd4 Bc5 5. Be3 Qf6 6. c3 Nge7 7. Nc2 Bd6 8. Bd3 Qh4 9. g3 Qh3 10. Bf1 Qe6 11. Bg2 f5 12. exf5 Qxf5 13. Nd2 0-0 14. Ne4 Qg6 15. Nxd6 cxd6 16. 0-0 Kh8 17. Na3 b5 18. Nxb5 Ba6 19. c4 Nf5 20. Bf4 Nh4 21. Bxd6 Nxg2 22. Bxf8 Rxf8 23. Kxg2 Ne5 24. Qd5 Ng4 25. Kg1 h6 26. Qd6 Qf5 27. Qxa6 Nxf2 28. Qxa7 Nh3+ 29. Kg2 Qe4+ 30. Kxh3 Rxf1 31. Rxf1 Qe2 32. Rf8+ Kh7 33. Qc5 1-0